| 000 | 01162nam0a22003251 4500 | ||
|---|---|---|---|
| 001 | v19\rc\1829103 | ||
| 005 | 20071224120319.8 | ||
| 035 | _a(NLR Aleph) 004925137 | ||
| 090 |
_a5620011 _c5620011 |
||
| 100 | _a20071224d1908 |||y0rusy50 ca | ||
| 101 | 1 |
_arus _cger |
|
| 102 | _aRU | ||
| 105 | _ay z ||||| | ||
| 200 | 1 |
_aИстория педагогики _fД-р Г. Веймер _gС нем. пер. К. Тюлелиев, преп. муж. и жен. гимназий в Новгороде |
|
| 210 |
_aСанкт-Петербург _aМосква _cТ-во М.О. Вольф _d[1908] _eСанкт-Петербург |
||
| 215 |
_a[4], 124, VIII, III с. _d22 |
||
| 700 | 1 |
_aВеймер _bГ. _f1872- _gГерман |
|
| 702 | 1 |
_aТюлелиев _bК. А. _f1872- _gКонстантин Александрович _4730 |
|
| 801 | 0 |
_aRU _bNLR _gpsbo |
|
| 801 | 0 |
_aRU _bRuMoRGB _2psbo |
|
| 801 | 1 |
_aRU _bProSoft-M _2rusmarc |
|
| 852 |
_aNLR _j37.20.8.5 |
||
| 899 |
_aRuMoRGB _jB 34/318 |
||
| 899 |
_aRuMoRGB _jU 391/184 |
||
| 899 |
_aRuMoRGB _jРб 16/1967 |
||
| 899 |
_aRuMoRGB _jКл 22/44 |
||
| 899 | _aБАН | ||
| 899 | _aГПИБ | ||
| 942 | _cBOOK | ||
| 980 | _aNB | ||